1131 1663 1018 1560 1525 1455 1438 1236 1323 1121 1037 1664 1619 1456 1987 1003 1459 1420 1226 1504 1310 1370 1567 1044 1075 1600 1271 1161 1481 1928 1839 1586 1597 1776 1986 1575 1238 1044 1550 1696 1254 1738 1559 1415 1516 1508 1272 1653 1100 1693 1708 1382 1212 1752 1515 1388 1743 1295 1024 1342 1051 1896 1944 1193 1977 1129 1153 1631 1939 1128 1831 1223 1643 1876 1228 1208 1067 1604 1653 1054 1684 1315 1696 1203 1329 1087 1849 1734 1829 1158 1827 1336 1471 1905 1738 1754 1143 1259 1015 BCNSPRNW ULIB Ver.6.0+V

เปลี่ยนเป็นภาษาไทย

Change to English
 แสดงรายละเอียดบรรณานุกรม
  กลับหน้าหลัก

Brief Record : Get Marc (ISO 2709) : E-mail record : QR code < ปิดหน้าต่าง
LEADER : 00000nam 2200000uu 4500
001    13399111915
003     ULIB
008    110627s2552||||th 000 0 tha d
020    9786115000128
090    นว.^bซ116ด 2552
100 0  ซ่อนกลิ่น
245 00 ดวงใจอัคนี/^cซ่อนกลิ่น
250    พิมพ์ครั้งที่ 1
260    กรุงเทพฯ :^bพิมพ์คำ,^c2552
300    398 หน้า
945    ^p260^l0^i026130
995    ทศพร
999 ^a ใช้งานได้ทุกระบบ
รายการนี้ยังไม่มีแท็ก
คุณยังไม่ได้ล็อกอิน คุณสามารถมีกิจกรรมร่วมกับเว็บไซต์ได้ แต่ต้องล็อกอินก่อน ::
  ล็อกอิน

รายการสื่อสารสนเทศ

ลำดับที่ ประเภท เลขเรียก/บาร์โค้ด สถานที่ สถานะ
- ไม่พบข้อมูล -

รายการใกล้เคียง
    ผู้แต่ง [ซ่อนกลิ่น]

BibComment


ยังไม่เคยถูกคอมเมนท์

คอมเมนท์ทรัพยากรรายการนี้
  คอมเมนท์: ดวงใจอัคนี ซ่อนกล..


 Copyright 2026. Bcnsprnw @Library